ARRUPE JESUIT UNIVERSITY

CORONAVIRUS -STOP THE SPREAD - CLEAN,DISINFECT,COVER

Intentionality and semiotics (Record no. 131201)

MARC details
000 -LEADER
fixed length control field 00574nam a22001817a 4500
008 - FIXED-LENGTH DATA ELEMENTS--GENERAL INFORMATION
fixed length control field 220401b |||||||| |||| 00| 0 eng d
020 ## - INTERNATIONAL STANDARD BOOK NUMBER
International Standard Book Number 9781589661325
050 ## - LIBRARY OF CONGRESS CALL NUMBER
Classification number BD222.D44 2007
100 ## - MAIN ENTRY--PERSONAL NAME
Personal name Deely John
9 (RLIN) 51131
245 ## - TITLE STATEMENT
Title Intentionality and semiotics
Remainder of title A story of mutual fecundation
Statement of responsibility, etc John Deely
260 ## - PUBLICATION, DISTRIBUTION, ETC. (IMPRINT)
Place of publication, distribution, etc Chicago:
Name of publisher, distributor, etc University of Scranton Press,
Date of publication, distribution, etc 2007.
300 ## - PHYSICAL DESCRIPTION
Extent xxxiv, 241p. ;
Dimensions 23cm.
600 ## - SUBJECT ADDED ENTRY--PERSONAL NAME
Personal name Thomas,Aquinas
650 ## - SUBJECT ADDED ENTRY--TOPICAL TERM
Topical term or geographic name as entry element subjectivity
9 (RLIN) 6385
650 ## - SUBJECT ADDED ENTRY--TOPICAL TERM
Topical term or geographic name as entry element Intetionality(philosophy)
9 (RLIN) 51132
650 ## - SUBJECT ADDED ENTRY--TOPICAL TERM
Topical term or geographic name as entry element Semiotics
9 (RLIN) 13027
942 ## - ADDED ENTRY ELEMENTS (KOHA)
Source of classification or shelving scheme Library of Congress Classification
Item type Monograph ( Printed materials)
Holdings
Withdrawn status Lost status Source of classification or shelving scheme Damaged status Not for loan Home library Current library Date acquired Total Checkouts Full call number Barcode Date last seen Price effective from Koha item type
    Library of Congress Classification     ARRUPE LIBRARY ARRUPE LIBRARY 01/04/2022   BD222.D44 2007 46600008645 01/04/2022 01/04/2022 Monograph ( Printed materials)

 

Arrupe Library. PO Box MP320 Mt Pleasant, Harare, Zimbabwe
263 242 745411|librarian@aju.ac.zw